| 000 | 00738nam a2200217 u 4500 | ||
|---|---|---|---|
| 005 | 20240522063715.0 | ||
| 008 | 101108s2005 es r 000 0 spa d | ||
| 020 | _a848491433X | ||
| 035 | _aUPN01000178421 | ||
| 049 | _aCG | ||
| 050 | 4 |
_aP121 _bN4.2 |
|
| 245 | 0 | 0 |
_aNecesidades educativas especiales y habilidades lingüísticas / _ced. Ma. Mercedes Molina Moreno. |
| 260 |
_aEspaña : _bGrupo Editorial Universitario, _c2005. |
||
| 300 |
_a228 p. : _bil., cuadros |
||
| 440 | 0 |
_aDidáctica ; _v52. |
|
| 650 | 4 |
_aLINGUISTICA - _xESTUDIO Y ENSEÑANZA _96846 |
|
| 650 | 4 |
_aEDUCACION ESPECIAL - _zESPAÑA _97594 |
|
| 650 | 4 |
_aPersonas con discapacidad _xEducación _912106 |
|
| 700 | 1 |
_aMolina Moreno, Ma. Mercedes, _eed. |
|
| 905 | _aLibro | ||
| 999 |
_c150524 _d150524 |
||